Cartilla para el manejo de las palmas usadas para techar: (Registro nro. 20761)
[ vista simple ]
| 000 -CABECERA | |
|---|---|
| Campo de control | 01190nam a22002777a 4500 |
| 005 - FECHA Y HORA DE LA ULTIMA TRANSACCION | |
| Campo de control | 20200129121010.0 |
| 008 - ELEMENTOS DE LONGITUD FIJA—INFORMACION GENERAL | |
| Campo de control | 200129b xxu||||| |||| 00| 0 spa d |
| 020 ## - ISBN | |
| ISBN | 9789587617306 |
| 040 ## - FUENTE DE CATALOGACIÓN | |
| Agencia catalogadora original | CO-BoIAVH |
| Agencia transcriptora | CO-BoIAVH |
| 041 ## - IDIOMA | |
| Código de idioma para texto/pista de sonido o título separado | Español |
| 044 ## - PAÍS DE PUBLICACIÓN | |
| País de publicación | Colombia |
| 082 ## - NUMERO DE CLASIFICACION DECIMAL DEWEY | |
| Número de clasificación | 584.5 |
| Número del ítem | N32c |
| 100 ## - ASIENTO PRINCIPAL--NOMBRE PERSONAL | |
| 9 (RLIN) | 26138 |
| Nombre personal | Navarro-López, Jaime Alberto |
| 245 ## - MENCION DE TITULO | |
| Título | Cartilla para el manejo de las palmas usadas para techar: |
| Parte restante del título | caraná (Lepidocaryum tenue) y Zancona (Socratea exorrhiza) |
| Mención de responsabilidad | Jaime Alberto Navarro López y otros |
| 260 ## - PUBLICACION, DISTRIBUCION, ETC. (PIE DE IMPRENTA) | |
| Lugar de publicación, distribución, etc. | Bogotá: |
| Nombre del editor, distribuidor, etc. | Universidad Nacional de Colombia (Sede Bogotá). Facultad Ciencias. Instituto de Ciencias Naturales. Grupo de Investigación en Palmas Silvestres Neotropicales, |
| -- | Palm Harvest Impact in Tropical Forests (PALMS), |
| Fecha de publicación, distribución, etc. | 2013 |
| 300 ## - DESCRIPCION FISICA | |
| Extensión | 34 páginas, |
| Otros detalles físicos | Fotografías, |
| Dimensiones | 21 x 26.9 cm |
| 650 #0 - ASIENTO SECUNDARIO DE MATERIA - TERMINO TEMATICO | |
| 9 (RLIN) | 50114 |
| Término temático o nombre geográfico como elemento de entrada | Palmas |
| Subdivisión general | Utilización. |
| 650 #0 - ASIENTO SECUNDARIO DE MATERIA - TERMINO TEMATICO | |
| 9 (RLIN) | 3189 |
| Término temático o nombre geográfico como elemento de entrada | Aprovechamiento sostenible |
| Subdivisión de forma | Palmas |
| 650 #0 - ASIENTO SECUNDARIO DE MATERIA - TERMINO TEMATICO | |
| 9 (RLIN) | 102450 |
| Término temático o nombre geográfico como elemento de entrada | Palma zancona |
| 650 #0 - ASIENTO SECUNDARIO DE MATERIA - TERMINO TEMATICO | |
| 9 (RLIN) | 102451 |
| Término temático o nombre geográfico como elemento de entrada | Palma caraná |
| 700 ## - ASIENTO SECUNDARIO - NOMBRE PERSONAL | |
| 9 (RLIN) | 2264 |
| Nombre personal | Galeano-Garcés, Gloria Amparo |
| Fechas asociadas con el nombre | 1958 - |
| 700 ## - ASIENTO SECUNDARIO - NOMBRE PERSONAL | |
| 9 (RLIN) | 2255 |
| Nombre personal | Bernal, Rodrigo |
| 700 ## - ASIENTO SECUNDARIO - NOMBRE PERSONAL | |
| 9 (RLIN) | 102452 |
| Nombre personal | Arcángel, Ángel Miguel |
| 700 ## - ASIENTO SECUNDARIO - NOMBRE PERSONAL | |
| 9 (RLIN) | 102453 |
| Nombre personal | Kuiru, Ever |
| 942 ## - ELEMENTOS ADICIONALES (KOHA) | |
| Sistema de clasificación | Dewey Decimal Classification |
| Tipo de ítem | Libro |
| Withdrawn status | Lost status | Sistema de Clasificación | Damaged status | No para préstamo | Colección | Ubicación Permanente | Ubicación actual | Fecha de adquisición | Total Checkouts | Número topográfico | Inventario / Código de Barras | Date last seen | Ejemplar | Price effective from | Forma de adquisición | Tipo de material |
|---|---|---|---|---|---|---|---|---|---|---|---|---|---|---|---|---|
| Dewey Decimal Classification | Hemeroteca | Bogotá | Bogotá | 29/01/2020 | FG-0402 | 043297 | 29/01/2020 | Ej. 1 | 29/01/2020 | Donación | Folleto |